Sekuntum Bunga Batu

Bibliographic Details
Main Author: Hashilawati Izaham
Format: Book
Published: Kuala Lumpur : Melati Publisher Sdn.Bhd. , 1995
Series:Klasiknya Cinta

MARC

LEADER 00000cam a2200000 7i4500
001 0000007892
002 000008466
005 20000330.0
020 |a 9839806491 
090 0 0 |a F   |b HAS 
100 0 |a Hashilawati Izaham 
245 1 0 |a Sekuntum Bunga Batu   |c Hashilawati Izaham 
260 |a Kuala Lumpur :   |b Melati Publisher Sdn.Bhd. ,   |c 1995 
300 |a 153p. ;   |c 18cm. 
490 0 |a Klasiknya Cinta 
999 |a 049200   |b BUKU   |c PINJAMAN   |e PERPUSTAKAAN KOMUNITI PETALING JAYA 
999 |a 049220   |b BUKU   |c PINJAMAN   |e PERPUSTAKAAN KOMUNITI PETALING JAYA 
999 |a 049221   |b BUKU   |c PINJAMAN   |e PERPUSTAKAAN KOMUNITI PETALING JAYA 
999 |a 054690   |b BUKU   |c PINJAMAN   |e PERPUSTAKAAN KOMUNITI CAW KOTA DAMANSARA